00444pab a2200145 454500008004000000100002200040245009800062260000900160300001400169362000800183650003000191650002200221700002100243773003400264180718b2004 xxu||||| |||| 00| 0 eng d aChhibber, Pradeep aDo party systems count? The number of parties and government performance in the Indian states c2004 ap.152-87. aMar aPolitical parties - India aPolitical parties aNooruddin, Irfan aComparative Political Studies